Statistiken für Länder nach Sprachen in 90 Sekunden

Klicken Sie hier um das Quiz zu spielen!

Allgemein

  • Dieses Quiz wurde 2.109 mal gespielt
  • Das Durchschnittsergebnis liegt bei 141 aus 192

Antworten auf der Karte

Die Antworten werden auf der Karte rot bzw. grün angezeigt, abhängig davon wie oft sie richtig erraten wurden.
 

Antwortstatistiken

SprachenLand% Korrekt
Englisch, Arabisch, TigrinyaEritrea
99%
Französisch, EnglischKamerun
99%
Englisch, FranzösischKanada
99%
Englisch, Französisch, KinyarwandaRuanda
99%
Deutsch, Französisch, Italienisch, RomanschSchweiz
99%
Französisch, Englisch, SeychellenkreolSeychellen
99%
Arabisch, EnglischSudan
99%
Bislama, Englisch, FranzösischVanuatu
99%
Niederländisch, Französisch, DeutschBelgien
98%
Englisch, HindiIndien
98%
Französisch, Deutsch, LuxemburgischLuxemburg
98%
Chinesisch, Englisch, Malaiisch, TamilSingapur
98%
EnglischAntigua und Barbuda
97%
Spanisch, Französisch, PortugiesischÄquatorialguinea
97%
EnglischBahamas
97%
EnglischBarbados
97%
EnglischBelize
97%
EnglischDominica
97%
Englisch, SwaziEswatini
97%
Englisch, Fidschi, Fidschi-HindiFidschi
97%
EnglischFöderierte Staaten
von Mikronesien
97%
EnglischGambia
97%
EnglischGhana
97%
EnglischGrenada
97%
EnglischGuyana
97%
Irisch, EnglischIrland
97%
EnglischJamaika
97%
Englisch, SwahiliKenia
97%
Englisch, KiribatischKiribati
97%
Englisch, SothoLesotho
97%
EnglischLiberia
97%
Chewa, EnglischMalawi
97%
Maltesisch, EnglischMalta
97%
Englisch, MarshallesischMarshallinseln
97%
EnglischNamibia
97%
Englisch, NauruischNauru
97%
Englisch, Māori, Neuseeländische GebärdenspracheNeuseeland
97%
EnglischNigeria
97%
Englisch, UrduPakistan
97%
Englisch, PalauischPalau
97%
Englisch, Tok Pisin, Hiri MotuPapua-Neuguinea
97%
Englisch, FilipinoPhilippinen
97%
EnglischSalomonen
97%
EnglischSambia
97%
Englisch, SamoanischSamoa
97%
EnglischSierra Leone
97%
Englisch, Shona, Nord-NdebeleSimbabwe
97%
EnglischSt. Kitts und Nevis
97%
EnglischSt. Lucia
97%
EnglischSt. Vincent und die
Grenadinen
97%
EnglischSüdsudan
97%
Swahili, EnglischTansania
97%
Englisch, TongaischTonga
97%
EnglischTrinidad und Tobago
97%
Tuvaluisch, EnglischTuvalu
97%
Englisch, SwahiliUganda
97%
EnglischVereinigtes Königreich
97%
DeutschDeutschland
96%
Arabisch, FranzösischDschibuti
96%
Arabisch, Komorisch , FranzösischKomoren
96%
DeutschLiechtenstein
96%
DeutschÖsterreich
96%
Afrikaans, Englisch, Süd-Ndebele, Nord-Sotho, Sotho, Siswati., Tswana, Xitsonga, Venda, Xhosa, ZuluSüdafrika
96%
Arabisch, FranzösischTschad
96%
SpanischArgentinien
95%
FranzösischBenin
95%
Spanisch, Quechua, AymaraBolivien
95%
FranzösischBurkina Faso
95%
Kirundi, FranzösischBurundi
95%
SpanischChile
95%
SpanischCosta Rica
95%
FranzösischDemokratische
Republik Kongo
95%
SpanischDominikanische Republik
95%
SpanischEcuador
95%
FranzösischElfenbeinküste
95%
SpanischEl Salvador
95%
FranzösischFrankreich
95%
FranzösischGabon
95%
SpanischGuatemala
95%
FranzösischGuinea
95%
Französisch, HaitianischHaiti
95%
SpanischHonduras
95%
Kasachisch, RussischKasachstan
95%
Kirgisisch, RussischKirgisistan
95%
SpanischKolumbien
95%
SpanischKuba
95%
Französisch, MalagasyMadagaskar
95%
FranzösischMali
95%
FranzösischMonaco
95%
SpanischNicaragua
95%
FranzösischNiger
95%
SpanischPanama
95%
Spanisch, GuaraníParaguay
95%
SpanischPeru
95%
FranzösischRepublik Kongo
95%
RussischRussland
95%
FranzösischSenegal
95%
SpanischSpanien
95%
FranzösischTogo
95%
SpanischUruguay
95%
SpanischVenezuela
95%
Weißrussisch, RussischWeißrussland
95%
Französisch, SangoZentral­afrikanische Republik
95%
ChinesischChina
91%
ChinesischTaiwan
91%
PortugiesischAngola
89%
PortugiesischBrasilien
89%
PortugiesischGuinea-Bissau
89%
PortugiesischKap Verde
89%
PortugiesischMosambik
89%
Portugiesisch, TetumOsttimor
89%
PortugiesischPortugal
89%
PortugiesischSão Tomé und Príncipe
89%
ArabischÄgypten
84%
ArabischAlgerien
84%
ArabischBahrain
84%
ArabischIrak
84%
Arabisch, HebräischIsrael
84%
ArabischJemen
84%
ArabischJordanien
84%
ArabischKatar
84%
ArabischKuwait
84%
ArabischLibanon
84%
ArabischLibyen
84%
Berberisch, ArabischMarokko
84%
ArabischMauritanien
84%
ArabischOman
84%
ArabischSaudi Arabien
84%
Arabisch, SomaliSomalia
84%
ArabischSyrien
84%
ArabischTunesien
84%
ArabischVereinigte Arabische Emirate
84%
Finnisch, SchwedischFinnland
76%
ItalienischItalien
75%
ItalienischSan Marino
75%
ItalienischVatikan-Stadt
75%
SchwedischSchweden
73%
Griechisch, TürkischZypern
70%
TürkischTürkei
66%
PolnischPolen
64%
NorwegischNorwegen
62%
DänischDänemark
61%
JapanischJapan
61%
NiederländischNiederlande
43%
NiederländischSuriname
43%
UkrainischUkraine
43%
KoreanischNordkorea
42%
KoreanischSüdkorea
42%
ThailändischThailand
42%
Bosnisch, Kroatisch, SerbischBosnien und
Herzegowina
40%
Albanisch, Serbokroatisch (Serbisch)Kosovo
40%
Paschtunisch, Persisch (Dari)Afghanistan
39%
Malaiisch (Indonesisch)Indonesien
37%
PersischIran
37%
Persisch (Tajik)Tadschikistan
37%
GriechischGriechenland
34%
MongolischMongolei
34%
IsländischIsland
32%
SerbischSerbien
32%
Rumänisch (Moldauisch)Moldau
28%
RumänischRumänien
28%
TschechischTschechien
26%
KroatischKroatien
25%
VietnamesischVietnam
23%
UngarischUngarn
20%
AlbanischAlbanien
18%
LettischLettland
16%
BulgarischBulgarien
15%
MalaiischBrunei
14%
MalaiischMalaysia
14%
LitauischLitauen
11%
SlowakischSlowakei
11%
SlowenischSlowenien
11%
LaoLaos
6%
UsbekischUsbekistan
6%
ArmenischArmenien
5%
BengalischBangladesch
5%
GeorgischGeorgien
5%
KhmerKambodscha
5%
NepaliNepal
5%
TurkmenischTurkmenistan
5%
AmharischÄthiopien
4%
Singhalesisch, TamilSri Lanka
4%
AserbaidschanischAserbaidschan
2%
TswanaBotswana
2%
MontenegrinischMontenegro
2%
MazedonischNordmazedonien
2%
KatalanischAndorra
1%
DzongkhaBhutan
1%
EstnischEstland
1%
BirmanischMyanmar
1%
DhivehiMalediven
0%

Verteilung der Resultate

Perzentil nach korrekt beantworteten Fragen

Anzahl Personen mit jedem Resultat

Ihre Resultats-Entwicklung

Sie haben dieses Quiz noch nicht gespielt